<?xml version="1.0" encoding="UTF-8"?>
<collection xmlns="http://www.loc.gov/MARC21/slim">
 <record>
  <leader>04233nam a2200313 a 4500</leader>
  <controlfield tag="001">1/49481</controlfield>
  <controlfield tag="008">201008s2019    gr       b    00010 gre  </controlfield>
  <datafield tag="020" ind1=" " ind2=" ">
   <subfield code="a">9789604618620</subfield>
  </datafield>
  <datafield tag="035" ind1=" " ind2=" ">
   <subfield code="l">52490</subfield>
  </datafield>
  <datafield tag="040" ind1=" " ind2=" ">
   <subfield code="a">GR-PeUP</subfield>
  </datafield>
  <datafield tag="082" ind1="0" ind2="0">
   <subfield code="a">327.101 ΣΥΓ</subfield>
  </datafield>
  <datafield tag="245" ind1="0" ind2="0">
   <subfield code="a">Σύγκρουση και ευημερία :</subfield>
   <subfield code="b">γεωπολιτική και ενέργεια στην ανατολική Μεσόγειο /</subfield>
   <subfield code="c">επιμέλεια Ανδρέας Στεργίου, Kivanç Ulusoy, Menahem Blondheim ; μετάφραση Κώστας Καρανικολός.</subfield>
  </datafield>
  <datafield tag="260" ind1="0" ind2=" ">
   <subfield code="a">Αθήνα :</subfield>
   <subfield code="b">Κλειδάριθμος,</subfield>
   <subfield code="c">c2019.</subfield>
  </datafield>
  <datafield tag="300" ind1=" " ind2=" ">
   <subfield code="a">[270 σ.] :</subfield>
   <subfield code="b">εικ., χαρτ. ;</subfield>
   <subfield code="c">24 εκ.</subfield>
  </datafield>
  <datafield tag="500" ind1=" " ind2=" ">
   <subfield code="a">Περιεχόμενα: Η ενέργεια στην ανατολική Μεσόγειο: γέφυρα κάτω από μια τρικυμισμένη θάλασσα; / Ανδρέας Στεργίου, Κίβαντσ Ουλουσόι, Μεναχέμ Μπλοντχάιμ -- Οι στρατηγικές επιπτώσεις της &quot;Αραβικής Άνοιξης&quot; / Μοσέ Μαόζ -- Μερικές πολιτικές και νομικές πλευρές της έρευνας και της εκμετάλλευσης υδρογονανθράκων στην ανατολική Μεσόγειο / Ραούφ Βερσάν -- Η εποχή της σημασίας του πετρελαίου και του φυσικού αερίου της ανατολικής και κεντρικής Μεσογείου για την ενεργειακή ασφάλεια της Ευρώπης / Αντώνιος Ε. Φώσκολος -- Ένα πλαίσιο για τη βιώσιμη εκμετάλλευση των υδρογονανθράκων της ανατολικής Μεσογείου, το &quot;τρίγωνο της φωτιάς&quot; της ανατολικής Μεσογείου και η περίπτωση της θάλασσας της νότιας και ανατολικής Κίνας / Σωτήρης Ν. Καμενόπουλος-- Η εξωτερική πολιτική της Ρωσικής Ομοσπονδίας στην ανατολική Μεσόγειο μετά το τέλος του ψυχρού πολέμου: γεωοικονομικές και γεωπολιτικές παράμετροι / Ανδρέας Στεργίου -- Η &quot;χαλαρή&quot; οιονεί συμμαχία Ισραήλ, Κύπρου και Ελλάδας / Ζήνων Τζιάρρας -- Η Τουρκία και η Τουρκική Δημοκρατία της Βόρειας Κύπρου: μια ακανθώδης σχέση / Κίβαντς Ουλουσόι -- Ελλάδα-Ισραήλ-Ανατολική Μεσόγειος: θα βοηθήσουν οι κοινοί παρανομαστές το τρίτο στάδιο; / Αμικάμ Ναχμανί -- Η Αίγυπτος μπορεί να αναστρέψει τη ζοφερή ενεργειακή της εικόνα / Σοχμπέτ Καρμπούζ.</subfield>
  </datafield>
  <datafield tag="504" ind1=" " ind2=" ">
   <subfield code="a">Περιλαμβάνει βιβλιογραφικές παραπομπές.</subfield>
  </datafield>
  <datafield tag="650" ind1=" " ind2="4">
   <subfield code="a">Γεωπολιτική</subfield>
   <subfield code="z">Μεσόγειος, Περιοχή της.</subfield>
  </datafield>
  <datafield tag="650" ind1=" " ind2="4">
   <subfield code="a">Γεωπολιτική</subfield>
   <subfield code="z">Μέση Ανατολή.</subfield>
  </datafield>
  <datafield tag="650" ind1=" " ind2="4">
   <subfield code="a">Πηγές ενέργειας</subfield>
   <subfield code="z">Μεσόγειος, Περιοχή της.</subfield>
  </datafield>
  <datafield tag="650" ind1=" " ind2="4">
   <subfield code="a">Πηγές ενέργειας</subfield>
   <subfield code="z">Μέση Ανατολή.</subfield>
  </datafield>
  <datafield tag="650" ind1=" " ind2="4">
   <subfield code="a">Πηγές ενέργειας</subfield>
   <subfield code="x">Πολιτικές απόψεις.</subfield>
  </datafield>
  <datafield tag="650" ind1=" " ind2="4">
   <subfield code="a">Geopolitics</subfield>
   <subfield code="z">Middle East.</subfield>
  </datafield>
  <datafield tag="700" ind1="1" ind2=" ">
   <subfield code="a">Στεργίου, Ανδρέας.</subfield>
  </datafield>
  <datafield tag="700" ind1="1" ind2=" ">
   <subfield code="a">Ulusoy, Kıvanç.</subfield>
  </datafield>
  <datafield tag="700" ind1="1" ind2=" ">
   <subfield code="a">Blondheim, Menahem.</subfield>
  </datafield>
  <datafield tag="700" ind1="1" ind2=" ">
   <subfield code="a">Καρανικολός, Κώστας.</subfield>
  </datafield>
  <datafield tag="852" ind1=" " ind2=" ">
   <subfield code="a">INST</subfield>
   <subfield code="b">UNIPILB</subfield>
   <subfield code="c">MAIN</subfield>
   <subfield code="e">20201008</subfield>
   <subfield code="h">327.101 ΣΥΓ</subfield>
   <subfield code="p">00183665</subfield>
   <subfield code="q">00183665</subfield>
   <subfield code="t">LOAN</subfield>
   <subfield code="y">0</subfield>
   <subfield code="4">3</subfield>
  </datafield>
  <datafield tag="852" ind1=" " ind2=" ">
   <subfield code="a">INST</subfield>
   <subfield code="b">UNIPILB</subfield>
   <subfield code="c">MAIN</subfield>
   <subfield code="e">20201008</subfield>
   <subfield code="h">327.101 ΣΥΓ</subfield>
   <subfield code="p">00183666</subfield>
   <subfield code="q">00183666</subfield>
   <subfield code="t">LOAN</subfield>
   <subfield code="y">0</subfield>
   <subfield code="4">2</subfield>
  </datafield>
  <datafield tag="852" ind1=" " ind2=" ">
   <subfield code="a">INST</subfield>
   <subfield code="b">UNIPILB</subfield>
   <subfield code="c">MAIN</subfield>
   <subfield code="e">20201008</subfield>
   <subfield code="h">327.101 ΣΥΓ</subfield>
   <subfield code="p">00183667</subfield>
   <subfield code="q">00183667</subfield>
   <subfield code="t">LOAN</subfield>
   <subfield code="y">0</subfield>
   <subfield code="4">1</subfield>
  </datafield>
 </record>
</collection>
